000 00401cam a2200169 4500
001 D13180
008 090401t1909 xxu||||| |||| 00| 0 eng d
035 _a(Sirsi) u8214
041 _aeng
100 _aKonstam, E.M.
245 _aReports of rating appeals. 1904-1908. Volume I
260 _aLondon
_bButterworth
_c1909
350 _a0
520 _aShelf 117
942 _n0
948 _c04/03/1997
999 _c86497
_d86497